Llwytho...
Plant resistance to Herbivores and Pathogens: Ecology, Evolution and genetics
| Prif Awdur: | |
|---|---|
| Awduron Eraill: | |
| Fformat: | Printed Book |
| Iaith: | Undetermined English |
| Cyhoeddwyd: |
Chicago
University of Chicago Press
1992
|
| Pynciau: |
| LEADER | 00805nam a2200253Ia 4500 | ||
|---|---|---|---|
| 008 | 140306s9999 xx 000 0 und d | ||
| 020 | |a 0226265536 | ||
| 041 | |a eng | ||
| 082 | |a 581.29 |b FRI | ||
| 100 | |a Fritz, Robert S | ||
| 245 | |a Plant resistance to Herbivores and Pathogens: Ecology, Evolution and genetics | ||
| 260 | |a Chicago |b University of Chicago Press |c 1992 | ||
| 300 | |a 590 | ||
| 650 | |a Ecology | ||
| 650 | |a Evolution | ||
| 650 | |a Genetics aspects | ||
| 650 | |a Herbivores | ||
| 650 | |a Pathogens | ||
| 650 | |a Plant ecological genetics | ||
| 650 | |a Resistance variation | ||
| 700 | |a Simms, Ellen L | ||
| 942 | |2 ddc |c BK | ||
| 999 | |c 50708 |d 50708 | ||
| 952 | |0 0 |1 0 |2 ddc |4 0 |6 581_290000000000000_FRI |7 0 |9 67026 |a KAUACV |b KAUACV |d 2004-05-03 |o 581.29 FRI |p KAU_ACV-23873 |r 2014-03-22 |w 2014-03-22 |y BK | ||